[Event "RUS-chT Blitz Men 2018"]
[Site "Sochi"]
[Date "2018.10.10"]
[Round "12"]
[White "Kostin, Alexey"]
[Black "Gogolev, Artem"]
[Result "0-1"]
[WhiteElo "2253"]
[BlackElo "2389"]
[Annotator "TA"]
[PlyCount "170"]
[EventDate "2018.10.10"]
[EventType "swiss"]
[EventCountry "RUS"]
[SourceTitle "playchess.com"]
[Source "ChessBase"]
[SourceQuality "1"]

{[%evp 14,170,17,14,30,14,41,22,31,28,35,7,23,-1,6,-35,56,22,37,16,38,0,0,0,0,-22,-21,-47,-43,-62,-22,-526,-496,-466,-286,-279,-281,-396,0,-232,-241,-530,-510,-479,-513,-488,53,45,25,0,11,13,54,9,15,-218,-218,-218,-218,-375,-162,-200,-200,-250,-242,-1896,0,-259,0,-1399,0,-525,-526,-477,-236,-235,-95,-94,-87,-77,-80,-78,-43,-108,-108,-113,-105,-168,-168,-172,-164,-145,-124,-124,-96,-229,-234,-264,-250,-250,-248,-336,-345,-341,-252,-250,-250,-337,-284,-263,0,-278,-261,-250,-245,-321,-265,-373,-266,-278,0,-321,-277,-409,-374,-400,-397,-653,-641,-987,-950,-941,-864,-1091,-1015,-1669,-1500,-1464,-1272,-29956,-10734,-29968,-6621,-5824,-5800,-29979,-29980,-29980,-29981,-29981,-29981,-29981,-29982,-29982,-29983,-29983,-29984,-29984,-29985]} 1. e4 c5 2. c3 Nf6 3. e5 Nd5 4. d4 cxd4 5. Qxd4 e6 6. Bc4 Nc6 7. Qe4 f5 8. Qe2 $1 Nde7 {B22: Sicilian: 2 c3} (8... Nb6 9. Bb3 Be7 10. Nf3 O-O 11. h4 h6 12. Bf4 Na5 13. Nbd2 Nxb3 14. Nxb3 Nd5 15. Qd2 b6 16. O-O-O a5 {1-0 (62) Hresc,V (2410)-Atlas,V (2453) Austria 2014}) 9. Nf3 b6 10. O-O Bb7 $146 {The position is equal.} ({Predecessor:} 10... Ng6 11. Re1 Be7 12. b4 a5 13. b5 Na7 14. a4 Bb7 15. Ba3 Nc8 16. Bb3 {1-0 (57) Fauth,D (2147)-Baldauf,M (2094) Bayern 2006}) 11. Na3 {[%cal Bb1a3,Ba3c2,Bc2d4][%mdl 32]} a6 12. Nc2 Qc7 13. Bb3 h6 14. h4 Na5 (14... g5 $1 $15) 15. Ncd4 Nxb3 16. axb3 Nd5 17. c4 Nb4 18. Rd1 Bc5 19. Be3 O-O-O 20. h5 g5 21. hxg6 Rhg8 $1 22. Bxh6 $2 {[%mdl 8192]} (22. Nh4 $1 $11 {and White has nothing to worry.}) 22... Rxg6 $19 23. Bf4 Rdg8 24. g3 Rh8 25. Kg2 (25. Rac1 {was called for.}) 25... Rhg8 $2 ({Better is} 25... Qd8 $19 26. Qd2 Bxd4 27. Qxd4 Nc2) 26. Rd2 $2 (26. Kg1 $1 $11) 26... Rg4 $1 {[%cal Rg4f4] aiming for ...Rxf4.} 27. Qe3 $2 (27. Kf1 {is the only way for White.}) 27... Bxd4 28. Qxd4 Nc6 29. Qe3 {[#]} Ne7 $2 (29... Rxf4 $1 $19 {[%mdl 512]} 30. Qxf4 Nxe5) 30. Kf1 $1 $14 Ng6 31. Rad1 Nxf4 32. gxf4 Bc6 33. Rd6 Rh8 $1 {[%cal Rh8h3] White must now prevent ...Rh3.} 34. Ke2 $2 (34. Ne1 $11 {and White stays safe.}) 34... Rh3 $19 35. Rxc6 Qxc6 36. Rd3 $2 (36. Rd6 Qe4 37. Qxe4 fxe4 38. Nd2) 36... Qc5 (36... Qe4 $142 37. Rd4 Rxf4 38. Rxe4 Rxe4) 37. Qd2 Rg2 38. Rd4 Qc6 39. Rd3 $2 (39. Qc3) 39... Qc5 $2 (39... Qe4+ 40. Re3 Rxf3 41. Rxe4 Rfxf2+ 42. Ke3 Rxd2) 40. Rd4 $1 Qc6 $2 (40... a5 41. Qe3 Qc6) 41. Rd3 $1 Rg4 $2 (41... Qe4+ $19 42. Qe3 Rxf3 43. Qxe4 Rgxf2+ 44. Ke1 fxe4 45. Rxf3 Rxf3) 42. Nd4 $2 {[%mdl 8192]} (42. Qe3 $1 $11) 42... Qe4+ 43. Re3 Qxf4 (43... Rxe3+ $142 44. Qxe3 Rxf4 45. Qxe4 Rxe4+ 46. Kd3 Rxe5) 44. Rxh3 {Hoping for Qxf4.} Qxd4 (44... Qxe5+ $19 45. Re3 Qxd4 46. Qxd4 Rxd4) 45. Qxd4 $17 Rxd4 $19 {[%mdl 4096] Endgame KR-KR} 46. Rd3 Re4+ 47. Re3 Rh4 48. Rg3 (48. Kd3 $15) 48... Kc7 $17 49. Kd3 Rh2 50. Ke3 (50. Rf3 $17 {might work better.}) 50... Rh1 $19 51. Kd4 Rf1 52. Rf3 Rb1 53. Kc3 Re1 54. Kd2 (54. Re3 $17 Rc1+ 55. Kd2) 54... Rxe5 55. Rh3 Re4 56. Rh8 Rd4+ 57. Ke3 Rd1 58. Rh2 Re1+ 59. Kd3 Rb1 60. f3 Rf1 61. Ke2 Rb1 62. Kd3 $1 Rg1 63. b4 Kc6 64. Kd4 Rd1+ 65. Ke5 (65. Ke3 $142) 65... Rc1 66. Kd4 Rd1+ 67. Ke5 $1 Rf1 68. f4 (68. Kf4 $142) 68... Re1+ 69. Kf6 Re4 70. Rh8 $2 (70. b3 Rxf4 71. Ke7) 70... Rxc4 71. Ke7 Rxf4 72. Rc8+ Kb5 73. Kxd7 Rxb4 74. Kxe6 f4 75. Rc2 f3 76. Kd5 Rf4 {( -> ...f2)} 77. Ke5 {[#]} Rf8 (77... f2 $142 $1 {[%mdl 512]} 78. Kxf4 f1=Q+ 79. Ke3 Qh3+ 80. Kf4 Qh6+ 81. Kf3 Qh5+ 82. Ke3 Qg5+ 83. Kd4 Qf4+ 84. Kd3 Qf5+ 85. Kc3 Qe4 86. Rc1 Qc4+ 87. Kd2 Qb3 88. Rc2 Kb4 89. Kc1 Qe3+ 90. Kd1 Kb3 91. Rg2 Qd3+ 92. Ke1 Qb1+ 93. Kf2 Qxb2+ 94. Kg3 {[#]} Qxg2+ $1 {[%mdl 512]} 95. Kxg2 a5 96. Kf3 a4 97. Ke2 b5 98. Kd2 a3 99. Ke3 Kc4 100. Kf3 a2 101. Kf4 b4 102. Kg5 b3 103. Kg4 a1=Q 104. Kf4 b2 105. Kg4 b1=Q 106. Kg5 Qe5+ 107. Kh6 Qh1+ 108. Kg6 Qhh5#) 78. Rf2 Kc4 79. Kd6 Kd3 {Black mates.} 80. Kc6 Ke3 81. Rf1 Rf6+ 82. Kb7 f2 83. Kxa6 Ke2 84. Rh1 f1=Q 85. Rxf1 Kxf1 {Precision: White = 29%, Black = 48%.} 0-1

[Event "RUS-chT Blitz Men 2018"]
[Site "Sochi"]
[Date "2018.10.10"]
[Round "12"]
[White "Nazaretyan, Tigran"]
[Black "Antipov, Mikhail Al."]
[Result "0-1"]
[WhiteElo "2248"]
[BlackElo "2593"]
[Annotator "TA"]
[PlyCount "74"]
[EventDate "2018.10.10"]
[EventType "swiss"]
[EventCountry "RUS"]
[SourceTitle "playchess.com"]
[Source "ChessBase"]
[SourceQuality "1"]

{[%evp 9,74,45,31,14,17,4,33,9,41,32,60,68,70,12,7,12,23,26,28,-252,-251,-255,-238,-236,-229,-272,-133,-112,-83,-121,-128,-143,-145,-145,-79,-1168,-1124,-1074,-877,-837,-801,-2249,-2152,-2640,-2740,-2729,-2733,-2584,-2610,-2589,-2546,-2650,-2543,-29990,-29991,-29989,-29990,-29991,-29992,-29992,-29993,-29995,-29996,-29996,-29997,-29998,-29999]} 1. d4 Nf6 2. c4 c6 3. Nf3 d5 4. Nc3 a6 5. e3 Bf5 6. Nh4 {D15: Slav Defence: 4 Nc3 a6 and gambit lines after 4 Nc3 dxc4} (6. Qb3 b5 7. c5 a5 8. Nh4 Bc8 9. f4 g6 10. Bd3 Nh5 11. Nf3 Bf5 12. e4 a4 13. Qc2 dxe4 14. Bxe4 Bxe4 15. Nxe4 {0-1 (53) Gelfand,B (2703)-Grandelius,N (2655) Batumi 2018}) 6... Bg4 7. Qb3 Bc8 8. Qc2 {White is slightly better.} b5 $146 ({Predecessor:} 8... e6 9. Nf3 Nbd7 10. b3 b6 11. Bd3 Bb7 12. O-O Bd6 13. e4 dxe4 14. Nxe4 Nxe4 15. Bxe4 Nf6 16. Bg5 h6 17. Bxf6 Qxf6 18. c5 bxc5 19. dxc5 {½-½ (62) Tang,A (2326)-Zierk,S (2485) Philadelphia 2015}) 9. b3 e5 10. dxe5 Ne4 $1 {And now ...Bb4 would win.} 11. Nxe4 ({Better is} 11. Nf3 $14) 11... dxe4 $11 12. Qxe4 {Bd2 is the strong threat.} Bb4+ 13. Ke2 O-O 14. cxb5 $2 {[%mdl 8192]} (14. a3 $11 {and White stays safe.} Bc3 15. Rb1) 14... Bc3 $19 15. Rb1 axb5 16. Qc2 b4 $1 (16... Qxh4 17. Qxc3 Rxa2+ 18. Rb2 $15) (16... Bxe5 17. g3 $17) 17. g3 {[#]} f6 (17... Bxe5 18. f3 $11) (17... g5 $1 $19 {is more deadly.} 18. f4 gxh4) 18. e6 $17 Bxe6 19. a4 Nd7 $36 {[%cal Bb8d7,Bd7c5,Bc5d3][%mdl 3104] Black has strong compensation. Black is on the roll.} 20. Bg2 Nc5 {Strongly threatening ...Rxa4!} 21. Rd1 {[#]} Qc8 (21... Qa5 $142 $1 {Threatens to win with ...Qa6+.} 22. Kf1 (22. Bxc6 Rad8 $17) 22... Rfd8 23. Rxd8+ Rxd8) 22. Nf3 $2 {[%mdl 8192]} (22. Kf1 $17) 22... Qa6+ $19 23. Rd3 Bf5 24. Ne1 Bxe1 25. Kxe1 Nxd3+ 26. Kd2 Rfd8 {( -> ...Nf4+)} 27. Qc4+ Qxc4 28. bxc4 Ne5+ 29. Ke1 Bxb1 30. Bb2 Rxa4 31. Bxe5 fxe5 {Black mates.} 32. Bxc6 Ra2 33. Bd5+ {[#]} Rxd5 $1 34. cxd5 Bf5 35. f3 b3 {[%cal Bb4b3,Bb3b2][%mdl 32]} 36. e4 Rxh2 37. exf5 b2 {Precision: White = 30%, Black = 50%.} 0-1

[Event "RUS-chT Blitz Men 2018"]
[Site "Sochi"]
[Date "2018.10.10"]
[Round "12"]
[White "Nuristani, Iman"]
[Black "Tereshechkina, Maya"]
[Result "1-0"]
[WhiteElo "2242"]
[BlackElo "2018"]
[Annotator "NA"]
[PlyCount "65"]
[EventDate "2018.10.10"]
[EventType "swiss"]
[EventCountry "RUS"]
[SourceTitle "playchess.com"]
[Source "ChessBase"]
[SourceQuality "1"]
[TimeControl "180+2"]

1. d4 {[%emt 0:00:00]} Nf6 {[%emt 0:00:00]} 2. c4 {[%emt 0:00:00]} e6 {[%emt 0:00:00]} 3. Nc3 {[%emt 0:00:01]} c5 {[%emt 0:00:01]} 4. d5 {[%emt 0:00:03]} exd5 {[%emt 0:00:01]} 5. cxd5 {[%emt 0:00:01]} Bd6 {[%emt 0:00:01]} 6. Nf3 {[%emt 0:00:02]} O-O {[%emt 0:00:04]} 7. g3 {[%emt 0:00:01]} a6 {[%emt 0:00:02]} 8. a4 {[%emt 0:00:01]} Bc7 {[%emt 0:00:01]} 9. Bg2 {[%emt 0:00:00]} d6 {[%emt 0:00:01]} 10. O-O {[%emt 0:00:01]} Re8 {[%emt 0:00:02]} 11. Nd2 {[%emt 0:00:04]} Nbd7 {[%emt 0:00:07]} 12. Nc4 {[%emt 0:00:02]} Rb8 {[%emt 0:00:21]} 13. a5 {[%emt 0:00:07]} Ne5 {[%emt 0:00:01]} 14. Nxe5 {[%emt 0:00:12]} Rxe5 {[%emt 0:00:21]} 15. Bf4 {[%emt 0:00:01]} Re8 {[%emt 0:00:06]} 16. Re1 {[%emt 0:00:44]} Bxa5 {[%emt 0:00:02]} 17. Rxa5 {[%emt 0:00:29]} Qxa5 {[%emt 0:00:02]} 18. Bxd6 {[%emt 0:00:02]} Ra8 {[%emt 0:00:02]} 19. e4 {[%emt 0:00:00]} Bg4 {[%emt 0:00:09]} 20. Qc1 {[%emt 0:00:15]} b5 {[%emt 0:00:39]} 21. e5 {[%emt 0:00:01]} Nd7 {[%emt 0:00:00]} 22. Qg5 {[%emt 0:00:12]} b4 {[%emt 0:00:26]} 23. Ne4 {[%emt 0:00:01]} b3 {[%emt 0:00:42]} 24. Nc3 {[%emt 0:00:02]} h5 {[%emt 0:00:04]} 25. h3 {[%emt 0:00:01]} f6 {[%emt 0:00:02]} 26. Qg6 {[%emt 0:00:11]} Nxe5 {[%emt 0:00:14]} 27. Rxe5 {[%emt 0:00:33]} fxe5 {[%emt 0:00:06]} 28. hxg4 {[%emt 0:00:02]} Qa1+ {[%emt 0:00:01]} 29. Kh2 {[%emt 0:00:01]} hxg4 {[%emt 0:00:03]} 30. Be4 {[%emt 0:00:11]} Qxb2 {[%emt 0:00:05]} 31. Qh7+ {[%emt 0:00:01]} Kf7 {[%emt 0:00:01]} 32. Qh5+ {[%emt 0:00:01]} Kf6 {[%emt 0:00:09]} 33. Qg6# {[%emt 0:00:01]} 1-0

[Event "RUS-chT Blitz Men 2018"]
[Site "Sochi"]
[Date "2018.10.10"]
[Round "12"]
[White "Ponomarenko, Alexandr"]
[Black "Rozhko, Dmitry"]
[Result "1-0"]
[WhiteElo "2231"]
[BlackElo "2305"]
[Annotator "NA"]
[PlyCount "48"]
[EventDate "2018.10.10"]
[EventType "swiss"]
[EventCountry "RUS"]
[SourceTitle "playchess.com"]
[Source "ChessBase"]
[SourceQuality "1"]
[TimeControl "180+2"]

1. e4 {[%emt 0:00:00]} c6 {[%emt 0:00:00]} 2. d4 {[%emt 0:00:01]} d5 {[%emt 0:00:00]} 3. Nd2 {[%emt 0:00:02]} dxe4 {[%emt 0:00:00]} 4. Nxe4 {[%emt 0:00:01]} Bf5 {[%emt 0:00:01]} 5. Ng3 {[%emt 0:00:01]} Bg6 {[%emt 0:00:01]} 6. h4 {[%emt 0:00:02]} h6 {[%emt 0:00:01]} 7. h5 {[%emt 0:00:01]} Bh7 {[%emt 0:00:00]} 8. Nf3 {[%emt 0:00:01]} Nd7 {[%emt 0:00:02]} 9. Bd3 {[%emt 0:00:01]} Bxd3 {[%emt 0:00:02]} 10. Qxd3 {[%emt 0:00:02]} e6 {[%emt 0:00:02]} 11. Bd2 {[%emt 0:00:02]} Ngf6 {[%emt 0:00:02]} 12. O-O-O {[%emt 0:00:03]} Bd6 {[%emt 0:00:05]} 13. Ne4 {[%emt 0:00:02]} Nxe4 {[%emt 0:00:05]} 14. Qxe4 {[%emt 0:00:01]} Nf6 {[%emt 0:00:08]} 15. Qe2 {[%emt 0:00:02]} Qc7 {[%emt 0:00:17]} 16. Kb1 {[%emt 0:00:01]} Bf4 {[%emt 0:00:19]} 17. Be3 {[%emt 0:00:20]} Bxe3 {[%emt 0:00:06]} 18. fxe3 {[%emt 0:00:03]} O-O-O {[%emt 0:00:20]} 19. Ne5 {[%emt 0:00:07]} Rhf8 {[%emt 0:00:33]} 20. g4 {[%emt 0:00:14]} Nd7 {[%emt 0:00:11]} 21. Nd3 {[%emt 0:00:11]} e5 {[%emt 0:00:16]} 22. Qg2 {[%emt 0:00:30]} exd4 {[%emt 0:00:05]} 23. exd4 {[%emt 0:00:02]} Qd6 {[%emt 0:00:34]} 24. c3 {[%emt 0:00:09]} Nb6 {[%emt 0:00:38]} 1-0

[Event "RUS-chT Blitz Men 2018"]
[Site "Sochi"]
[Date "2018.10.10"]
[Round "12"]
[White "Mamedov, Elmin"]
[Black "Tekeyev, Zaur"]
[Result "0-1"]
[WhiteElo "2210"]
[BlackElo "2392"]
[Annotator "NA"]
[PlyCount "102"]
[EventDate "2018.10.10"]
[EventType "swiss"]
[EventCountry "RUS"]
[SourceTitle "playchess.com"]
[Source "ChessBase"]
[SourceQuality "1"]
[TimeControl "180+2"]

1. e4 {[%emt 0:00:02]} c5 {[%emt 0:00:00]} 2. Ne2 {[%emt 0:00:01]} Nc6 {[%emt 0:00:00]} 3. Nbc3 {[%emt 0:00:00]} d6 {[%emt 0:00:03]} 4. g3 {[%emt 0:00:01]} g6 {[%emt 0:00:22]} 5. Bg2 {[%emt 0:00:01]} Bg7 {[%emt 0:00:01]} 6. O-O {[%emt 0:00:02]} e6 {[%emt 0:00:20]} 7. d3 {[%emt 0:00:01]} Nge7 {[%emt 0:00:02]} 8. f4 {[%emt 0:00:01]} O-O {[%emt 0:00:01]} 9. h3 {[%emt 0:00:04]} Rb8 {[%emt 0:00:04]} 10. a4 {[%emt 0:00:02]} b6 {[%emt 0:00:10]} 11. g4 {[%emt 0:00:03]} f5 {[%emt 0:00:01]} 12. Ng3 {[%emt 0:00:01]} Bb7 {[%emt 0:00:08]} 13. gxf5 {[%emt 0:00:17]} exf5 {[%emt 0:00:03]} 14. Kh1 {[%emt 0:00:11]} Qd7 {[%emt 0:00:03]} 15. Nd5 {[%emt 0:00:11]} Nxd5 {[%emt 0:00:15]} 16. exd5 {[%emt 0:00:02]} Nb4 17. c3 Nxd5 {[%emt 0:00:18]} 18. Qb3 {[%emt 0:00:19]} Qf7 {[%emt 0:00:01]} 19. Bd2 {[%emt 0:00:05]} Kh8 {[%emt 0:00:26]} 20. a5 {[%emt 0:00:14]} Nxf4 {[%emt 0:00:16]} 21. Qxf7 {[%emt 0:00:18]} Bxg2+ {[%emt 0:00:01]} 22. Kh2 {[%emt 0:00:01]} Rxf7 {[%emt 0:00:01]} 23. Rxf4 {[%emt 0:00:05]} Bc6 {[%emt 0:00:05]} 24. axb6 {[%emt 0:00:04]} axb6 {[%emt 0:00:02]} 25. Rff1 {[%emt 0:00:03]} Kg8 {[%emt 0:00:14]} 26. Rfe1 {[%emt 0:00:05]} Kf8 {[%emt 0:00:01]} 27. Bf4 {[%emt 0:00:02]} Rd7 {[%emt 0:00:18]} 28. Ra7 {[%emt 0:00:06]} Rxa7 {[%emt 0:00:12]} 29. Bxd6+ {[%emt 0:00:02]} Kf7 {[%emt 0:00:01]} 30. Bxb8 {[%emt 0:00:02]} Rd7 {[%emt 0:00:08]} 31. Rd1 {[%emt 0:00:21]} Bb5 {[%emt 0:00:05]} 32. Kg2 {[%emt 0:00:50]} Rxd3 {[%emt 0:00:03]} 33. Rxd3 {[%emt 0:00:01]} Bxd3 {[%emt 0:00:01]} 34. Ba7 {[%emt 0:00:01]} c4 {[%emt 0:00:08]} 35. Bxb6 {[%emt 0:00:01]} Bh6 {[%emt 0:00:03]} 36. Bc5 {[%emt 0:00:05]} Bc1 {[%emt 0:00:02]} 37. Ba3 {[%emt 0:00:01]} Ke6 {[%emt 0:00:01]} 38. Kf3 {[%emt 0:00:02]} Ke5 {[%emt 0:00:06]} 39. h4 {[%emt 0:00:16]} h6 {[%emt 0:00:02]} 40. h5 {[%emt 0:00:01]} g5 {[%emt 0:00:03]} 41. Ne2 {[%emt 0:00:02]} g4+ {[%emt 0:00:01]} 42. Kf2 {[%emt 0:00:02]} Bxe2 {[%emt 0:00:03]} 43. Kxe2 {[%emt 0:00:00]} Ke4 {[%emt 0:00:02]} 44. Bf8 {[%emt 0:00:03]} f4 {[%emt 0:00:02]} 45. Kf2 {[%emt 0:00:03]} f3 {[%emt 0:00:01]} 46. Bg7 {[%emt 0:00:06]} Bf4 {[%emt 0:00:04]} 47. Bd4 {[%emt 0:00:04]} g3+ {[%emt 0:00:01]} 48. Kf1 {[%emt 0:00:01]} Bc1 {[%emt 0:00:05]} 49. Bg7 {[%emt 0:00:02]} Kf5 {[%emt 0:00:02]} 50. Kg1 {[%emt 0:00:04]} Be3+ {[%emt 0:00:02]} 51. Kf1 {[%emt 0:00:01]} g2+ {[%emt 0:00:01]} 0-1

[Event "RUS-chT Blitz Men 2018"]
[Site "Sochi"]
[Date "2018.10.10"]
[Round "12"]
[White "Shkurkin, Andrey"]
[Black "Ponkratov, Pavel"]
[Result "0-1"]
[WhiteElo "2201"]
[BlackElo "2628"]
[Annotator "TA"]
[PlyCount "54"]
[EventDate "2018.10.10"]
[EventType "swiss"]
[EventCountry "RUS"]
[SourceTitle "playchess.com"]
[Source "ChessBase"]
[SourceQuality "1"]

{[%evp 21,54,31,37,29,37,24,36,-13,0,-22,-8,-16,-20,-64,-26,-35,-44,-45,-33,-40,-39,-95,-93,-444,-446,-1433,-1422,-1400,-1380,-1987,-1995,-2379,-1516,-29991,-29992]} 1. d4 Nf6 2. c4 e6 3. g3 c5 4. d5 exd5 5. cxd5 d6 6. Nc3 g6 7. Bg2 Bg7 8. Nf3 O-O 9. O-O Re8 10. Bf4 a6 11. a4 Bf5 {LiveBook: 10 Games. A62: Modern Benoni: Fianchetto Variation without early ...Nbd7} 12. a5 Ne4 $146 ({Predecessor:} 12... h6 13. Qb3 Qc7 14. Rfe1 g5 15. e4 gxf4 16. exf5 Rxe1+ 17. Rxe1 Nbd7 18. Qa4 fxg3 19. hxg3 {½-½ (37) Boettcher,F (2133)-Lavis,J (2022) LSS email 2013}) 13. Nxe4 Bxe4 {White has an edge.} 14. Qd2 Qe7 15. Ra3 Nd7 {[%cal Bb8d7,Bd7f6,Bf6h5,Bh5f4,Bf4g2][%mdl 32]} 16. Re3 {[#] Ng5 is the strong threat.} Qf8 17. Qc1 h6 {next ...Nf6 is good for Black.} (17... Bxd5 $6 18. Rd3 $14) 18. h4 Nf6 (18... Bxd5 19. Rd3 $14) 19. Rd1 Nh5 $36 {[%mdl 2048] Black is more active.} ({But not} 19... Bxd5 $6 20. Red3 $16) 20. Qc4 f5 21. Nd2 ({White should play} 21. Rb3 $15) 21... Nxf4 $17 ({And not} 21... Bxb2 22. Nxe4 fxe4 23. Rxe4 $14) 22. Nxe4 $4 {[%mdl 8192] [#]} (22. gxf4 $17 Bxg2 23. Kxg2) 22... Nxg2 $19 ({Weaker is} 22... fxe4 23. gxf4 Qxf4 24. Rxe4 $17) 23. Nc3 (23. Kxg2 $142 fxe4 24. Rxe4) 23... Nxe3 24. fxe3 Rxe3 25. Qf4 Rae8 26. Rf1 Qe7 27. g4 Qxh4 {Precision: White = 18%, Black = 60%.} 0-1

[Event "RUS-chT Blitz Men 2018"]
[Site "Sochi"]
[Date "2018.10.10"]
[Round "12"]
[White "Klimentov, Evgeny"]
[Black "Artemiev, Vladislav"]
[Result "0-1"]
[WhiteElo "2135"]
[BlackElo "2706"]
[Annotator "TA"]
[PlyCount "112"]
[EventDate "2018.10.10"]
[EventType "swiss"]
[EventCountry "RUS"]
[SourceTitle "playchess.com"]
[Source "ChessBase"]
[SourceQuality "1"]

{[%evp 21,112,10,10,0,18,0,26,26,46,29,27,15,31,8,16,10,26,-16,0,0,19,12,25,18,40,17,27,23,27,29,31,0,0,0,0,0,0,0,9,0,20,0,0,-14,-14,-14,-14,-14,-14,-14,0,0,0,-57,-57,-52,-48,-68,-68,-63,-29,-207,-120,-134,0,-200,-191,-241,-229,-222,-187,-275,-270,-311,-311,-454,-450,-405,-368,-338,-230,-507,-101,-1506,-1526,-29989,-29981,-29989,-29990,-29993,-29994,-29995,-29996]} 1. e4 c6 2. c4 d5 3. exd5 cxd5 4. cxd5 Nf6 5. Nc3 Nxd5 6. Nf3 Nc6 7. Bb5 {B10: Caro-Kann: 2 d3 and 2 c4} g6 8. Qa4 Nb6 9. Bxc6+ bxc6 10. Qxc6+ Bd7 11. Qe4 Bg7 {LiveBook: 19 Games} 12. O-O Bf5 $146 13. Qc6+ Qd7 (13... Bd7 $5 {[%cal Rd7c6]} 14. Qb7 Rb8 $11) 14. Qxd7+ Kxd7 15. d4 Rhc8 16. Bf4 Be6 17. Rfe1 Nd5 18. Nxd5 Bxd5 19. Rac1 f6 20. a3 Bf8 21. Nd2 g5 22. Bg3 e6 23. f3 f5 24. Be5 a5 25. Kf2 Ra7 26. g4 Rb7 27. Rxc8 Kxc8 28. Rc1+ Kd7 29. Rc2 a4 30. Ke3 Be7 31. Kd3 Bd8 32. Ke3 Ba5 33. Nc4 Rb3+ 34. Ke2 $1 Bxf3+ 35. Kf2 Bd8 36. Nd2 Be4 $1 {[%cal Re4c2]} 37. Nxb3 (37. Nxe4 $11 fxe4 38. Ke1) 37... Bxc2 $11 {[%mdl 4096] Endgame KBB-KBN} 38. Nc5+ Ke7 39. gxf5 exf5 40. Ke3 f4+ 41. Kf3 $2 (41. Kd2 $1 $11 Bg6 42. Nxa4) 41... Bd1+ (41... Kf7 $1 $19 42. Ke2 Kg6) 42. Ke4 Bc2+ (42... Kf7 $1 $17 43. Kd3 Be7) 43. Kf3 $19 {[#]} Kf7 $1 44. Ne4 Bd1+ 45. Kf2 Ke6 46. Nc3 (46. Nc5+ $142 Kd5 47. Ke1) 46... Bc2 47. h4 h6 ({Less strong is} 47... gxh4 48. Kf3 $17) 48. hxg5 (48. Nb5 $142) 48... hxg5 49. Bb8 Bb6 50. Be5 Kf5 51. Kg2 $2 (51. Nb5 {was the only chance.}) 51... g4 $2 {[#]} (51... Ba5 $19 {is more deadly. White must now prevent ...g4.} 52. Bb8 g4) 52. Bg7 $2 {[%mdl 8192]} (52. Bxf4 $1 $17 {[%mdl 512]} Bxd4 (52... Kxf4 53. Nd5+) 53. Kg3) 52... Bb3 53. d5 Bc5 {Black mates.} 54. Bh6 f3+ {[%cal Bf4f3,Bf3f2][%mdl 32]} 55. Kg3 f2 56. Kg2 Bc4 {Precision: White = 29%, Black = 56%.} 0-1

[Event "RUS-chT Blitz Men 2018"]
[Site "Sochi"]
[Date "2018.10.10"]
[Round "12"]
[White "Basiev, Valeriy P."]
[Black "Kryakvin, Dmitry"]
[Result "0-1"]
[WhiteElo "1990"]
[BlackElo "2595"]
[Annotator "TA"]
[PlyCount "62"]
[EventDate "2018.10.10"]
[EventType "swiss"]
[EventCountry "RUS"]
[SourceTitle "playchess.com"]
[Source "ChessBase"]
[SourceQuality "1"]

{[%evp 22,62,16,-6,35,-20,-20,-35,0,-19,-9,-64,38,-95,-83,-227,-154,-266,-236,-226,-184,-181,73,89,157,255,180,71,20,-387,-91,-946,0,-1481,-1464,-1556,-812,-1585,-1566,-2314,-2156,-29992,-29993]} 1. e4 c5 2. Nf3 d6 3. d4 cxd4 4. Nxd4 Nf6 5. Nc3 Nc6 6. Bg5 e6 7. Qd2 Be7 8. O-O-O O-O 9. Nb3 Qb6 10. Be3 Qc7 11. f3 a6 12. g4 b5 {B63: Sicilian: Richter-Rauzer: 7...Be7 and unusual Black 7th moves} 13. a3 $146 (13. Kb1 $14) ({Predecessor:} 13. h4 Ne5 14. Qg2 Bb7 15. g5 Nfd7 16. f4 b4 17. Nb1 Nc4 18. Bxc4 Qxc4 19. N1d2 Qc7 20. Nd4 {0-1 (43) Arakhamia Grant,K (2353)-Kasimdzhanov,R (2702) London 2015}) 13... Nd7 $11 {[%cal Bf6d7,Bd7c5,Bc5a4][%mdl 32]} 14. h4 Rb8 {Black is slightly better.} 15. Be2 Nc5 16. Nd4 (16. Nxc5 $11 dxc5 17. Bf4) 16... Bd7 (16... b4 $15 17. Nxc6 Qxc6 18. axb4 Rxb4) 17. h5 (17. Nf5 $14 exf5 18. Nd5) 17... b4 $17 18. axb4 (18. Nxc6 $17 {is the only way for White.} Bxc6 19. axb4 Rxb4 20. Nd5 exd5 21. Qxb4) 18... Nxb4 $19 19. g5 (19. Kb1 $17 {is a better defense.}) 19... Qa5 {( -> ...Qa1+)} 20. Kb1 {[#]} Na4 $1 $40 {[%mdl 128] Black wants a kill.} 21. Nxa4 Qxa4 $2 (21... Bxa4 $19 22. b3 Rfc8) 22. Bc4 $16 d5 (22... Nc6 $142 23. Bb3 Qb4) 23. Bb3 Qa5 {[#] ...Ba4 is the strong threat.} 24. g6 $1 {[%mdl 512]} Ba4 {Hoping for ...Bxb3.} (24... fxg6 25. hxg6) 25. gxf7+ $2 {[%mdl 8192]} (25. h6 $11 fxg6 26. Qh2 (26. hxg7 Rfe8 $11)) 25... Rxf7 $2 (25... Kxf7 $19 26. Nc6 Bxc6) 26. exd5 $2 {[%mdl 8192]} (26. Qc3 $17) 26... exd5 $2 (26... Bxb3 $19 27. Nxb3 Qa2+ 28. Kc1 Rc8) 27. h6 $2 {[%mdl 8192]} (27. Qc3 $11) 27... Bxb3 $19 28. Nxb3 Qa2+ 29. Kc1 Rc8 30. Bc5 Bxc5 31. Qc3 {[#]} Be3+ $1 {[%mdl 512] Precision: White = 17%, Black = 42%.} 0-1